[Event "POL-chT 2nd League"]
[Site "Jastrzebia Gora"]
[Date "2023.09.08"]
[Round "7.129"]
[White "Kielek, Andrzej"]
[Black "Spyra, Piotr"]
[Result "1/2-1/2"]
[WhiteElo "1897"]
[BlackElo "1850"]
[PlyCount "89"]
[EventDate "2023.09.02"]
[EventType "team-swiss"]
[EventRounds "9"]
[EventCountry "POL"]
[SourceTitle "CBM 216 Extra"]
[Source "ChessBase"]
[SourceDate "2023.11.30"]
[SourceVersion "1"]
[SourceVersionDate "2023.11.30"]
[SourceQuality "1"]
[WhiteTeam "Lubsko Caissa"]
[BlackTeam "Marklowice Hetman"]
[WhiteTeamCountry "POL"]
[BlackTeamCountry "POL"]

1. b4 e5 2. Bb2 Bxb4 3. Bxe5 Nf6 4. c4 0-0 5. e3 d5 6. Nf3 c5 7. cxd5 Nxd5 8. Be2 Nc6 9. Bb2 Re8 10. 0-0 Qe7 11. Qc2 Ba5 12. a3 Bc7 13. Nc3 Nf6 14. Rfe1 Bg4 15. Na4 Ne4 16. Nc3 Bxf3 17. Bxf3 Bxh2+ 18. Kf1 Nxc3 19. Bxc3 Be5 20. Bxc6 bxc6 21. Bxe5 Qxe5 22. Rac1 Qh2 23. Ke2 Qxg2 24. Rg1 Qh3 25. Qxc5 Re6 26. Rg3 Qh4 27. Rcg1 g6 28. Rg4 Qf6 29. Ra4 Re5 30. Qc3 Kg7 31. Rc1 c5 32. Ra5 Rc8 33. Rxa7 c4 34. Ra4 Qg5 35. Rf1 Kg8 36. Rxc4 Qh5+ 37. f3 Rd8 38. Rc8 Rxc8 39. Qxc8+ Kg7 40. Qc3 Kg8 41. d4 Re6 42. Rf2 Qb5+ 43. Qd3 Qb2+ 44. Kf1 Qc1+ 45. Ke2 1/2-1/2

[Event "POL-chT 2nd League"]
[Site "Jastrzebia Gora"]
[Date "2023.09.04"]
[Round "3.51"]
[White "Spyra, Piotr"]
[Black "Zareba, Radoslaw"]
[Result "1-0"]
[WhiteElo "1850"]
[BlackElo "2102"]
[PlyCount "59"]
[EventDate "2023.09.02"]
[EventType "team-swiss"]
[EventRounds "9"]
[EventCountry "POL"]
[SourceTitle "CBM 216 Extra"]
[Source "ChessBase"]
[SourceDate "2023.11.30"]
[SourceVersion "1"]
[SourceVersionDate "2023.11.30"]
[SourceQuality "1"]
[WhiteTeam "Marklowice Hetman"]
[BlackTeam "Wisznia Mala Bialy Krol"]
[WhiteTeamCountry "POL"]
[BlackTeamCountry "POL"]

1. e4 d6 2. d4 g6 3. Nc3 Bg7 4. Be2 c6 5. a4 Nd7 6. h4 h5 7. Nf3 Qc7 8. Bf4 e5 9. dxe5 dxe5 10. Be3 Ngf6 11. Ng5 b6 12. a5 0-0 13. axb6 Nxb6 14. 0-0 Bb7 15. Na4 Nxa4 16. Rxa4 c5 17. f3 Rfd8 18. Qa1 a5 19. Bc4 Rd7 20. Rd1 Re7 21. Bd2 Bc6 22. Rxa5 Rd8 23. Bc3 Rxd1+ 24. Qxd1 Rd7 25. Qe2 Bf8 26. Ra6 Nh7 27. Bxf7+ Rxf7 28. Nxf7 Kxf7 29. Qc4+ Ke8 30. Qe6+ 1-0

[Event "Polanica Zdroj op-B 48th"]
[Site "Polanica Zdroj"]
[Date "2012.08.25"]
[Round "8"]
[White "Kowalczyk, Rafal"]
[Black "Spyra, Piotr"]
[Result "1-0"]
[WhiteElo "2164"]
[BlackElo "1944"]
[PlyCount "47"]
[EventDate "2012.08.18"]
[EventType "swiss"]
[EventRounds "9"]
[EventCountry "POL"]
[SourceTitle "EXT 2014"]
[Source "ChessBase"]
[SourceDate "2013.11.20"]
[SourceVersion "1"]
[SourceVersionDate "2013.11.20"]
[SourceQuality "1"]

1. e4 e6 2. d4 d5 3. e5 c5 4. c3 Nc6 5. Nf3 Qb6 6. a3 Nh6 7. b4 cxd4 8. cxd4 Nf5 9. Bb2 Be7 10. Bd3 a5 11. g4 Nh4 12. Nxh4 Bxh4 13. 0-0 Bd7 14. g5 Qd8 15. f4 Bxg5 16. fxg5 Qxg5+ 17. Kh1 axb4 18. Qf3 0-0 19. Rg1 Qh6 20. Bc1 Qh4 21. Bg5 Qxd4 22. Bf6 g6 23. Qh3 Qf4 24. Rf1 1-0

[Event "Polanica Zdroj op-B 48th"]
[Site "Polanica Zdroj"]
[Date "2012.08.20"]
[Round "3"]
[White "Spyra, Piotr"]
[Black "Sypien, Mateusz"]
[Result "0-1"]
[WhiteElo "1944"]
[BlackElo "2272"]
[PlyCount "96"]
[EventDate "2012.08.18"]
[EventType "swiss"]
[EventRounds "9"]
[EventCountry "POL"]
[SourceTitle "EXT 2014"]
[Source "ChessBase"]
[SourceDate "2013.11.20"]
[SourceVersion "1"]
[SourceVersionDate "2013.11.20"]
[SourceQuality "1"]

1. e4 c5 2. c3 d5 3. exd5 Qxd5 4. d4 Nc6 5. Nf3 Bg4 6. Be2 e6 7. h3 Bh5 8. Na3 cxd4 9. Nb5 Rc8 10. Nbxd4 Nxd4 11. Qxd4 Qxd4 12. Nxd4 Bxe2 13. Kxe2 Bc5 14. Be3 Nf6 15. Rad1 Nd5 16. Nc2 Nxe3 17. Nxe3 Ke7 18. Rd3 Rhd8 19. Rhd1 Rxd3 20. Rxd3 b5 21. f4 g6 22. Nf1 Bd6 23. Kf3 a5 24. Nd2 a4 25. Ne4 Bb8 26. Nd2 Rc6 27. Rd4 a3 28. Nb1 axb2 29. Rb4 Rc4 30. Rxb2 Bxf4 31. Rxb5 Bc1 32. Rb4 Rc7 33. c4 Ra7 34. a4 Kd6 35. Nc3 Kc5 36. Rb1 Bh6 37. Ne4+ Kxc4 38. Rb7 Rxb7 39. Nd6+ Kd5 40. Nxb7 Bg5 41. a5 Kc6 42. a6 Kb6 43. Nc5 Be7 44. Nd7+ Kxa6 45. Ne5 f5 46. Nc6 Bf6 47. Nb8+ Kb7 48. Nd7 Be7 0-1